00906 2200313 4500001002100000005001500021035002000036007000300056008004100059020002200100040002200122082001200144084001400156090001800170090002200188100002700210245008300237300004100320650001400361850001200375041000800387264003500395336002100430337003000451338002300481700003400504250003200538990002200570INLIS00000000084852720190620104905 a0010-0619000482ta190620 2012 yoi g ind d a978-602-7515-15-4 aYOPDYOGbinderda04223a375 a375 WIJ p aDEP 375 WIJ p aCB-D.11 2012-29440 aWiji Hidayatiepenulis10aPengembangan kurikulum /cpenulis, Wiji Hidayati; editor, M. Alaika Salamulloh ax, 245 halaman :bilustrasi ;c21 cm 4aKurikulum aYOPDYOG0 aind31aYogyakarta :bPedagogia,c2012 2rdacontentateks 2rdamediaatanpa perantara 2rdacarrieravolume0 aM. Alaika Salamullohepenulis aCetakan pertama, April 2012 aCB-D.11/2012-2944